000 00709nam a2200229 a 4500
999 _c10905
_d10905
001 10905
003 BD-JhCC
005 20190622122054.0
008 190527b20192006bd ||||| a||| 00| 0 eng d
020 _a9789849318842
035 _a(BD-JhCC)10905
040 _aBD-JhCC
_dBD-JhCC
041 _aben
082 _bAHA 2019
_a891.443
100 _aআহমদ, মহিউদ্দিন
245 _aএই দেশে একদিন যুদ্ধ হয়েছিল /
_cমহিউদ্দিন আহমদ,
260 _aঢাকা:
_bপ্রথমা প্রকাশন:
_c2019.
300 _a215 p. :
_c22 cm.
650 _aHistorical Novel
942 _2ddc
_cBK